|
|
|
|
| LEADER |
01195nam a2200301 i 4500 |
| 001 |
10048246 |
| 003 |
GR-PaULI |
| 005 |
20230602120915.0 |
| 008 |
030926s1997 us f b 1 eng d |
| 952 |
|
|
|0 0
|1 0
|2 ddc
|4 0
|6 149_200000000000000_DEV
|7 0
|9 38994
|a PHIL
|b PHIL
|d 2016-04-24
|i 4192
|l 0
|o 149.2 DEV
|p 025000103163
|r 2016-04-24 00:00:00
|t 1
|v 2016.00
|w 2016-04-24
|y BK15
|
| 999 |
|
|
|c 25054
|d 25054
|
| 020 |
|
|
|a 0691011877
|
| 040 |
|
|
|a GR-PaULI
|b gre
|c GR-PaULI
|e AACR2
|
| 041 |
0 |
|
|a eng
|
| 082 |
0 |
4 |
|a 149.2
|2 23
|
| 100 |
1 |
|
|9 39779
|a Devitt, Michael
|d 1938-
|e συγγραφέας.
|
| 245 |
1 |
0 |
|a Realism and truth /
|c Michael Devitt.
|
| 250 |
|
|
|a 2nd ed.
|
| 260 |
|
|
|a Princeton :
|b Princeton University Press,
|c 1997.
|
| 300 |
|
|
|a xii, 371 σ. ;
|c 23 εκ.
|
| 504 |
|
|
|a Περιλαμβάνει βιβλιογραφία και ευρετήριο.
|
| 650 |
|
4 |
|9 35987
|a Ρεαλισμός
|
| 650 |
|
4 |
|9 25093
|a Αλήθεια
|x Φιλοσοφία
|
| 650 |
|
4 |
|9 63997
|a Επιστήμη
|x Φιλοσοφία.
|
| 852 |
|
|
|a GR-PaULI
|b ΠΑΤΡΑ
|b ΦΙΛΟΣΟΦΙΑ
|k ΑΣΧΞ-4
|h 121.68 D
|m 4192
|p 025000103163
|t 1
|
| 942 |
|
|
|2 ddc
|c BK15
|
| 998 |
|
|
|c ΜΠΟΜΠΑ
|d 2003-09
|
| 998 |
|
|
|c ΚΑΝΕΛΛΟΠΟΥΛΟΥ
|d 2023-06
|